| 000 | 00420cam a2200169ua 4500 | ||
|---|---|---|---|
| 020 | _c1.75 | ||
| 041 |
_amal _h |
||
| 082 |
_a894.812803 _bBHA/OR |
||
| 100 | _aBharati, Udhayabhanu . | ||
| 245 |
_aOrmakalile Nehru / _cBharati Udayabhanu. _hTextual Documents |
||
| 260 |
_aKottayam : _bNational Book Stall , _c1965. |
||
| 300 | _a118 ; . | ||
| 365 | _a1.75 | ||
| 504 | _a | ||
| 942 | _cBK | ||
| 999 |
_c6031 _d6031 |
||